Geboren in Memmingen - Statistiken

Allgemein
  • Dieses Quiz wurde 29 mal gespielt
  • Das Durchschnittsergebnis liegt bei 2 aus 8
Antwortstatistiken
Hinweis Antwort % Korrekt
früherer Fußballnationalspieler, PSV Eindhoven (früher Dortmund und Bayern) 1992 Mario Götze
86%
Langjähriger Fußballspieler des FC Bayern München, Spitzname "Bulle" 1946 Franz Roth
50%
Fußballtrainer, FC Schalke 04 1972 Frank Kramer
36%
früherer Fußballnationalspieler (Bayern München und VfB Stuttgart) 1989 Holger Badstuber
32%
Hofmaler von Maximilian I., er prägte die Memminger Schule und entstammte einer Künstlerfamilie 1460 Bernhard Strigel
7%
Moderator der "Tagesschau" am Nachmittag in der ARD von 1997 bis 2021 1956 Claus-Erich Boetzkes
7%
Vorsitzender des Rates der Evangelischen Kirche in Deutschland von 2014 bis 2021 1960 Heinrich Bedford-Strohm
7%
Augsburger Patrizier und Großkaufmann mit großem politischen Einfluss 1484 Bartholomäus V. Welser
4%
Keine übereinstimmenden Quizze gefunden
Verteilung der Resultate
Anzahl Personen mit jedem Resultat
Perzentil nach korrekt beantworteten Fragen
Ihre Resultats-Entwicklung
Sie haben dieses Quiz noch nicht gespielt